|
|
|
|
| LEADER |
00000nam a22000007a 4500 |
| 005 |
20141016221029.0 |
| 007 |
cr|||| |||| |
| 008 |
141016s2014 br |||||s|||| 00||0 por d |
| 020 |
|
|
|a 978-85-361-2993-8
|
| 035 |
|
|
|a 12444
|
| 040 |
|
|
|a vLex
|
| 090 |
|
|
|c 5234
|d 5234
|
| 100 |
1 |
|
|a Basilone Leite, Roberto
|
| 245 |
1 |
2 |
|a O Papel do Juiz na Democracia
|h [Recurso electrn̤ico] /
|c Roberto Basilone Leite
|
| 256 |
|
|
|a Servicio en ln̕ea
|
| 260 |
|
|
|a San Pablo:
|b LTR Editora,
|c 2014
|
| 300 |
|
|
|a 1 recurso electrn̤ico
|
| 500 |
|
|
|a “O autor prope̳ distinguir dois tipos de ativismo judicial: por um lado, o ativismo judicial polt̕ico, e por outro, o ativismo judicial jurisdicional-democrt̀ico, isto ,̌ o ativismo judicial que diz respeito s̉ funė̳s eminentemente jurisdicionais tp̕icas do modelo democrt̀ico de Estado.” “Ao ter suas funė̳s limitadas por um lado, mas ampliadas por outro, os tribunais podem finalmente reconhecer suas funė̳s tp̕icas e exerc-̊las nos seus mais amplos contornos. Essa distinȯ̂, alm̌ de central no livro, parece ser central para a possibilidade de se construir formas mais eficazes de pensar o Judicir̀io na atualidade, ligando-o, de uma vez por todas, com a cidadania, a justiȧ, a democracia e, principalmente, a Constituiȯ̂.” “Este livro se tornar ̀refern̊cia para todos aqueles que esperam que a histr̤ia do Brasil seja recontada.”
|
| 506 |
1 |
|
|a Disponible solo en los productos indicados
|d vLex Global
|d vLex Global (Academic Edition, excluding Law Schools)
|d vLex Global (U.S. Academic Edition, Law Schools)
|d vLex Global (U.S. Academic Edition, excluding Law Schools)
|d vLex Global (Academic Edition, Law Schools)
|
| 650 |
0 |
4 |
|a Derecho Civil
|z Brasil
|
| 740 |
0 |
|
|a vLex Libros (Servicio en ln̕ea)
|
| 856 |
4 |
0 |
|u http://vlex.com/source/papel-do-juiz-na-democracia-12444
|z Acceso restringido
|
| 942 |
|
|
|c BOOK
|
| 999 |
0 |
|
|a Civil Law
|